header

McDonaldization of Society (Record no. 252264)

MARC details
000 -LEADER
fixed length control field 00251nam a22001097a 4500
020 ## - INTERNATIONAL STANDARD BOOK NUMBER
ISBN 0761986278
100 ## - MAIN ENTRY--AUTHOR NAME
Personal name George Ritzer
245 ## - TITLE STATEMENT
Title McDonaldization of Society
250 ## - EDITION STATEMENT
Edition statement New Century Edition
260 ## - PUBLICATION, DISTRIBUTION, ETC. (IMPRINT)
Place of publication California
Name of publisher Sage
Year of publication 2000
942 ## - ADDED ENTRY ELEMENTS (KOHA)
Koha item type Long Loan Books
Holdings
Withdrawn status Lost status Collection code Home library Current library Shelving location Date acquired Full call number Accession Number Koha item type
    Non-fiction Rongo University Library Rongo University Library General Stacks 30/08/2023 HM706.R57 2000 20153763 Long Loan Books

© 2026 Rongo University
Contact us: librarian | system librarian | Rongo university